000
00437nam a2200145Ia 4500
008
100122s9999 xx 000 0 und d
082
_b
21776
_a
822
100
_a
साठे शं गो
245
_a
ससा आणि कासव
260
_b
पॉप्युलर प्रकाशन
_c
1964
300
_a
107
630
_a
ससा आणि कासव
730
_a
ससा आणि कासव
942
_c
BOOK
999
_c
409731
_d
409728